MESTSKÁ KNIŽNICA GIRALTOVCE  - online katalóg 

Sociodynamické poradenství (Record no. 23978)

000 -NÁVESTIE
fixed length control field 01199nam a2200325 a 4500
001 - EVIDENČNÉ ČÍSLO ZÁZNAMU - Kontrolné číslo
control field vtls010587225
005 - DÁTUM A ČAS POSLEDNEJ TRANSAKCIE
control field 20251024081627.0
008 - ÚDAJE S PEVNOU DĹŽKOU – VŠEOBECNÉ INFORMÁCIE
fixed length control field 140403s2013 xr 000 0 czesd
020 ## - MEDZINÁRODNÉ ŠTANDARDNÉ ČÍSLO KNIHY (ISBN)
Medzinárodné štandardné číslo knihy (ISBN) 9788087335550 (brož.)
040 ## - ZDROJ KATALOGIZÁCIE
Pôvodná katalogizujúca agentúra SVKPO
Jazyk katalogizácie slo
Prepisujúca agentúra SVKPO
Konvencie popisu AACR2
041 1# - KÓD JAZYKA
Kód jazyka textu/zvukovej stopy alebo samostatných nápisov cze
Kód jazyka originálu a/alebo sprostredkujúcich prekladov textu eng
044 ## - KÓD KRAJINY VYDAVATEĽA/PRODUCENTA
Kód krajiny MARC xr
Kód krajiny ISO CZ
072 #7 - KÓD PREDMETOVEJ KATEGÓRIE
Kód predmetovej kategórie 364-1/-7
Pododdiel kódu predmetovej kategórie Druhy sociálnej pomoci a služieb
Zdroj konspekt
080 ## - ČÍSLO MEDZINÁRODNÉHO DESATINNÉHO TRIEDENIA (MDT)
Číslo Medzinárodného desatinného triedenia (MDT) 159.98:659.24
Identifikátor vydania 2001
080 ## - ČÍSLO MEDZINÁRODNÉHO DESATINNÉHO TRIEDENIA (MDT)
Číslo Medzinárodného desatinného triedenia (MDT) 316.2
Identifikátor vydania 2001
080 ## - ČÍSLO MEDZINÁRODNÉHO DESATINNÉHO TRIEDENIA (MDT)
Číslo Medzinárodného desatinného triedenia (MDT) 364-785
Identifikátor vydania 2001
080 ## - ČÍSLO MEDZINÁRODNÉHO DESATINNÉHO TRIEDENIA (MDT)
Číslo Medzinárodného desatinného triedenia (MDT) (048.8)
Identifikátor vydania 2001
100 1# - OSOBNÉ MENÁ – VŠEOBECNÉ INFORMÁCIE
Osobné meno Peavy, R. Vance,
Dátumy súvisiace s menom 1929-2002
-- 5127
240 10 - UNIFIKOVANÝ NÁZOV
Unifikovaný názov Sociodynamic counselling
Jazyk diela Česky
245 10 - NÁZOV
Názov Sociodynamické poradenství
Zvyšok názvu konstruktivistická perspektiva
Údaj o zodpovednosti atď. R. Vance Peavy ; [překlad Eva Leňová Burešová, Veronika Kreslová]
260 ## - VYDAVATEĽSKÉ ÚDAJE, DISTRIBÚCIA ATĎ.
Miesto publikovania, distribúcie atď. Praha
Názov vydavateľa, distibútora atď. Dům zahraniční spolupráce pro Centrum Euroguidance
Dátum publikovania, distribúcie atď. 2013
300 ## - FYZICKÝ POPIS
Rozsah 274 s.
Rozmery 25 cm
500 ## - VŠEOBECNÁ POZNÁMKA
Formátovaná poznámka o obsahu Preložené z angličtiny
650 07 - PRIDANÝ VSTUP – PREDMET – TEMATICKÉ HESLO
Tematické heslo alebo geografický názov ako vstupný prvok psychologické poradenstvo
Zdroj hesla alebo termínu SNKPH
-- 5128
650 07 - PRIDANÝ VSTUP – PREDMET – TEMATICKÉ HESLO
Tematické heslo alebo geografický názov ako vstupný prvok sociálne poradenstvo
Zdroj hesla alebo termínu SNKPH
-- 4188
650 07 - PRIDANÝ VSTUP – PREDMET – TEMATICKÉ HESLO
Tematické heslo alebo geografický názov ako vstupný prvok konštruktivizmus (sociológia)
Zdroj hesla alebo termínu SNKPH
-- 5129
655 #7 - INDEXAČNÝ TERMÍN – ŽÁNER/FORMA
Údaje o žánri/forme alebo termín, ktorý je prvok fazety monografie
Zdroj termínu SNKPH
-- 1661
700 1# - PRIDANÝ VSTUP – OSOBNÉ MENO
Osobné meno Leňová Burešová, Eva
Kód roly trl
-- 5130
700 1# - PRIDANÝ VSTUP – OSOBNÉ MENO
Osobné meno Kreslová, Veronika
Kód roly trl
-- 5131
Holdings
Stav stiahnutia (Blokovanie) (Withrawn status) Stav straty Zdroj klasifikácie pre skladovanie Stav poškodenia (Damaged status) Nie pre výpožičky (Not for loan) Spôsob nadobudnutia (Collection code) Trvalé umiestnenie Aktuálne umiestnenie Dátum nadobudnutia Inventárne číslo (prírastkové číslo) Full call number Čiarový kód Dátum posledného výskytu Cena s účinnosťou od Typ jednotky Koha
          Dar Mestská knižnica Giraltovce Mestská knižnica Giraltovce 2025-10-24 22334 S1606 S1606 2025-10-24 2025-10-24 Odborná literatúra pre dospelých

Powered by Koha